Film di Tim Burton per immagini - Morte improvvisa - Statistics

Statistiche generali
  • Questo quiz è stato fatto 530 volte
    122 dall'ultimo reset
  • Il punteggio medio è 5 su 10
Answers on the Grid
Answers color-coded by a green-red scale on the quiz's grid according to % correct below.
 
Statistiche sulle risposte
Risposta % Corretto
La sposa cadavere
75%
Alice in Wonderland
68%
La fabbrica di cioccolato
67%
Edward mani di forbice
67%
Beetlejuice
67%
Batman
32%
Dumbo
25%
Mars Attacks !
25%
Big Fish - Le storie di una vita incredibile
21%
Planet of the Apes
14%
Nessun quiz corrispondente trovato
Distribuzione punteggi
Percentuale di utenti per punteggio
Percentile per numero di risposta
I tuoi punteggi nel tempo
Non hai fatto questo quiz dall'ultimo reset